000 00237nam a2200097Ia 4500
008 120527s9999 xx 000 0 und d
100 _aMBELU,Maria,A.
245 _aIntroduction to fine and applied arts.
260 _bMetMay
942 _cBK
999 _c24068
_d24068